LEADER 00934nam a2200217 u 4500 001 000000120561 003 CaOOAMICUS 005 20100305110415.0 008 100305s1987 it ac u000 u ita r 040 $aPUL$bita$dMCT 100 1 $aMenconi, Valeria.$0(OLS)http://pul/name/1271 245 10$aAl convito di Gesù e Maria /$cValeria Menconi. 260 $aRoma :$bAssociazione Internazionale Mariana,$cstampa 1987. 300 $a223 p. :$bill., ritr. ;$c21 cm 600 04$aMaria Virgo,$cs.$xDevozione.$0(OLS)http://pul/subject/1542 600 04$aIesus Christus$xCulto.$0(OLS)http://pul/subject/3127 850 $aPUL 852 $aPUL$W1$xDP1 Religione 1$y20$m578 C 20$j138186$qStampati$B137399$CPULBib$Z2$F137399 $H58935 $82 941 1 $a8 996 $6245$aAl convito di Gesù e Maria$9(OLS)http://pul/title/151606 996 $6260$aRoma :$bAssociazione Internazionale Mariana$9(OLS)http://pul/publisher/48549 LEADER 01575nam a2200337 a 4500 001 000000171011 003 CaOOAMICUS 005 20181210114024.0 008 181210s2018 it 000 u ita r 020 $a978-88-6879-667-9* 032 $aLibriCat 040 $aPUL$bita 082 04$a234 100 1 $aShevchuk, Sviatoslav.$0(OLS)http://pul/name/109975 245 10$aDimmi la verità :$bdialoghi sul senso della vita /$cSviatoslav Shevchuk con Paolo Asolan ; prefazione del Card. Christoph Schönborn. 260 $aSiena :$bCantagalli,$c©2018. 300 $a245 p. ;$c21 cm. 504 $aBibliografia in nota a piè pagina. 650 4$aVirtù teologali.$0(OLS)http://pul/subject/12274 650 4$aVerità$xAspetti religiosi.$0(OLS)http://pul/subject/33401 700 1 $aSchönborn, Christoph von,$ccard.,$d1945-$0(OLS)http://pul/name/11337 700 1 $aAsolan, Paolo,$csacerdote,$d1967-$0(OLS)http://pul/name/70710 850 $aPUL 852 $aPUL$W1$xSL Religione 3$y85$m234 SCHSV 1$j194447$qDDC 21$B199563$CPULBib$Z2$F199563 $H131969 $81 852 $aPUL$W1$xDP2 Religione 3$y114$m234 SCHSV 1B$j199067$qDDC 21$B203711$CPULBib$Z2$F203711 $H135209 $82 941 1 $a9 996 $6020$a978-88-6879-667-9*$9(OLS)http://pul/number/165564 996 $6082$a234$9(OLS)http://pul/classification/573 996 $6245$aDimmi la verità :$bdialoghi sul senso della vita$9(OLS)http://pul/title/211873 996 $6260$aSiena :$bCantagalli$9(OLS)http://pul/publisher/48759